La metamorfosis y otros relatos / (Registro nro. 10918)

Detalles MARC
000 -LIDER
fixed length control field 00912nam a22003137 4500
001 - NÚMERO DE CONTROL
Identificador de número de control 01935
003 - IDENTIFICACDOR DE NÚMERO DE CONTROL
control field DO-SdBNP
005 - DATE AND TIME OF LATEST TRANSACTION
control field 20230403131557.0
007 - CAMPOS FIJOS DE DESCRIPCIÓN FÍSICA
fixed length control field 01935
008 - ELEMENTOS DE LONGITUD FIJA
fixed length control field 040419s2010 p li | ||| ||spa
017 ## - NÚMERO DE REGISTRO DE DERECHOS DE AUTOR
Copyright or legal deposit number
Assigning agency
020 ## - ISBN
International Standard Book Number 9789972082955
040 ## - FUENTE DE CATALOGACIÓN
Agencia que crea de manera original el registro BPMSU
Idioma de catalogación spa
Agencia que realiza la transcripción BPMSU
Convenciones de la despripción
041 ## - CÓDIGOS DE OBRAS TRADUCIDAS O EN VARIOS IDIOMAS
Cód. del idioma original y/o traducciones intermedias del texto
080 #0 - NÚMERO DE CLASIFICACIÓN DECIMAL UNIVERSAL
Universal Decimal Classification number
082 #4 - NÚMERO DE CLASIFICACIÓN DECIMAL DE DEWEY
Classification number 891.863
Item number K118m 2010
Edition number 22
100 1# - ASIENTO PRINCIPAL -- NOMBRE PERSONAL
Nombre personal Kafka, Franz
Fechas asociadas con el nombre 1883-1924
245 13 - MENCIÓN DE TITULO
Título La metamorfosis y otros relatos /
Mención de responsabilidad Franz Kafka ; prólogo Fenando Grados L.
Medio (Designación general de material)
260 ## - PUBLICACIÓN, DISTRIBUCIÓN, ETC. (PIE DE IMPRENTA)
Lugar de publicación, distribución, etc Lima :
Nombre del editor, distribuidor, etc. Chirre,
Fecha de publicación, distribución, etc 2010
300 ## - DESCRIPCIÓN FÍSICA
Extensión 81 p.;
Dimensiones 22 cm
490 0# - MENCIÓN DE SERIES
Mención de serie Las obras de los genios de la literatura
Volume/sequential designation
500 ## - NOTA GENERAL
Nota general Incluye cuestionario de comprensión de lectura
590 ## - NOTA LOCAL
Enlace Inventariado, 2023/VM
650 #4 - ENCABEZAMIENTO DE MATERIA--TEMÁTICO
Término temático o nombre geográfico como elemento de entrada Novela checoslovaca
650 #4 - ENCABEZAMIENTO DE MATERIA--TEMÁTICO
Término temático o nombre geográfico como elemento de entrada Novela psicológica.
700 1# - ASIENTO SECUNDARIO -- NOMBRE PERSONAL
Nombre personal Grados L., Fenando
Mención de responsabilidad pról.
910 ## - VALIDACIÓN
Validación VMateo V. Control de calidad
942 ## - ADDED ENTRY ELEMENTS (KOHA)
Source of classification or shelving scheme Dewey Decimal Classification
Koha item type Libros
Existencias
Withdrawn status Lost status Source of classification or shelving scheme Damaged status Not for loan Collection code Home library Current library Date acquired Source of acquisition Full call number Barcode Date last seen Copy number Price effective from Koha item type
    Dewey Decimal Classification     Colección Juvenil General Biblioteca Pública Metropolitana Salomé Ureña Biblioteca Pública Metropolitana Salomé Ureña 07/18/2016 BPMSU CG 891.863 K118m 2010 BPMSU18010085 07/18/2016 e.2 07/18/2016 Libros
    Dewey Decimal Classification     Colección Juvenil General Biblioteca Pública Metropolitana Salomé Ureña Biblioteca Pública Metropolitana Salomé Ureña 07/18/2016 BPMSU CG 891.863 K118m 2010 BPMSU16070515 07/18/2016   07/18/2016 Libros
    Dewey Decimal Classification     Colección Juvenil General Biblioteca Pública Metropolitana Salomé Ureña Biblioteca Pública Metropolitana Salomé Ureña 08/01/2016 BPMSU CG 891.863 K118m BPMSU23040006 08/01/2016 e.3 08/01/2016 Libros